Normal view
MARC view
Entry Geographic Name
001 - CONTROL NUMBER
- control field: 2089
003 - CONTROL NUMBER IDENTIFIER
- control field: ARRUPE
005 - DATE AND TIME OF LATEST TRANSACTION
- control field: 20131003173739.0
008 - FIXED-LENGTH DATA ELEMENTS
- fixed length control field: 131003|| aca||aabn | a|a d
040 ## - CATALOGING SOURCE
- Original cataloging agency: ARRUPE
- Transcribing agency: ARRUPE
151 ## - HEADING--GEOGRAPHIC NAME
- Geographic name: Brazil
- General subdivision: Economic conditions.
670 ## - SOURCE DATA FOUND
- Source citation: Work cat.: (ARRUPE)0: Frank, Andre Gunder, 1929-2005. 2088, Capitalism and underdevelopment in Latin America;, [1969]